00438nam a2200121Ia 4500008004100000100002200041245009500063245004500158260000900203300003700212440004900249650001800298171207s9999 xx 000 0 und d aBrandon, Karen E. a A Kinetic Sculpture Intervention for Individuals Grieving the Deaths of Family Members  cKären E. Brandon & Rebecca M. Goldberg c2017 apages 99-114, January-March 2017 aJournal of Creativity in Mental Healthv12:1 aMENTAL HEALTH